Football Clubs in West Sussex - Statistics

General Stats
  • This quiz has been taken 12 times
  • The average score is 13 of 30
Answer Stats
Hint Answer % Correct
National League South (6) Worthing
100%
League Two (4) Crawley Town
92%
Isthmian League Premier (7) Bognor Regis Town
83%
Isthmian League Premier (7) Chichester City
75%
Isthmian League South East (8) Littlehampton Town
75%
Isthmian League South East (8) Burgess Hill Town
67%
SCFL Premier (9) Haywards Heath Town
58%
Isthmian League Premier (7) Horsham
58%
Isthmian League South East (8) Lancing
58%
Isthmian League South East (8) East Grinstead Town
50%
SCFL Premier (9) Shoreham
50%
SCFL Division One (10) Arundel
42%
SCFL Premier (9) Hassocks
42%
SCFL Division One (10) Selsey
42%
Isthmian League South East (8) Three Bridges
42%
SCFL Premier (9) Crawley Down Gatwick
33%
SCFL Division One (10) East Preston
33%
SCFL Premier (9) Loxwood
33%
Isthmian League South East (8) Steyning Town
33%
SCFL Division One (10) Billingshurst
25%
Isthmian League South East (8) Broadbridge Heath
25%
SCFL Premier (9) Roffey
25%
SCFL Division One (10) Storrington
25%
SCFL Premier (9) Wick
25%
SCFL Division One (10) Worthing United
25%
SCFL Division One (10) Oakwood
17%
SCFL Premier (9) Pagham
17%
SCFL Division One (10) Copthorne
8%
SCFL Premier (9) Horsham YMCA
8%
SCFL Premier (9) Midhurst & Easebourne
8%
No matching quizzes found
Score Distribution
Percent of People with Each Score
Percentile by Number Answered
Your Score History
You have not taken this quiz